Cartas eruditas, y curiosas, en que, por la mayor parte, se continua el designio del theatro critico universal, Impugnando, ó reduciendo á dudosas, varias opiniones comunes (Record no. 8368)
[ view plain ]
| 000 -CABECERA | |
|---|---|
| campo de control de longitud fija | 01072nam a2200217 a 4500 |
| 001 - NÚMERO DE CONTROL | |
| campo de control | BRCA_8716 |
| 005 - FECHA Y HORA DE LA ÚLTIMA TRANSACCIÓN | |
| campo de control | 20190320210358.0 |
| 008 - DATOS DE LONGITUD FIJA--INFORMACIÓN GENERAL | |
| campo de control de longitud fija | 080217s1770----sp-#######---#000-0#spa-# |
| 041 ## - CÓDIGO DE LENGUA | |
| Código de lengua del texto/banda sonora o título independiente | spa |
| 044 ## - CÓDIGO DEL PAÍS DE LA ENTIDAD EDITORA/PRODUCTORA | |
| Código MARC del país | sp |
| 084 ## - OTRO NÚMERO DE CLASIFICACIÓN | |
| Número de clasificación | BE57 |
| Número de documento/Ítem | .F49 1770 |
| 100 1# - ENTRADA PRINCIPAL--NOMBRE DE PERSONA | |
| Nombre de persona | Feyjoó y Montenegro, Benito Geronymo |
| Fechas asociadas al nombre | 1676 - 1764 |
| 9 (RLIN) | 21713 |
| 245 10 - MENCIÓN DE TÍTULO | |
| Título | Cartas eruditas, y curiosas, en que, por la mayor parte, se continua el designio del theatro critico universal, Impugnando, ó reduciendo á dudosas, varias opiniones comunes |
| Mención de responsabilidad, etc. | escritas por el muy ilustre señor D. Fr. Benito Geronymo Feyjoó y Montenegro, Maestro General del Orden de San Benito, el Consejo del S.M.Ec. |
| 260 ## - PUBLICACIÓN, DISTRIBUCIÓN, ETC. | |
| Lugar de publicación, distribución, etc. | Madrid |
| Nombre del editor, distribuidor, etc. | Por D. Joachin Ibarra, Impresor de Camara de S.M. |
| Fecha de publicación, distribución, etc. | 1770 |
| 300 ## - DESCRIPCIÓN FÍSICA | |
| Extensión | XL, 350 p. (t.4) |
| Dimensiones | 20.5 x 15 cm |
| 500 ## - NOTA GENERAL | |
| Nota general | En portada: Nueva impresión |
| 500 ## - NOTA GENERAL | |
| Nota general | Estado físico: presenta encuadernación en pergamino con cantos decorados, lomo desprendido y algunas hojas manchandas |
| 650 14 - PUNTO DE ACCESO ADICIONAL DE MATERIA--TÉRMINO DE MATERIA | |
| Término de materia o nombre geográfico como elemento de entrada | Drama español |
| Subdivisión general | Historia y critica |
| Subdivisión cronológica | Obras anteriores a 1800 |
| 9 (RLIN) | 21714 |
| 902 ## - CATALOGADOR | |
| Iniciales | CFM |
| 942 ## - ELEMENTOS DE PUNTO DE ACCESO ADICIONAL (KOHA) | |
| Fuente del sistema de clasificación o colocación | Library of Congress Classification |
| Tipo de ítem Koha | Libros |
| Estado de retiro | Estado de pérdida | Estado dañado | No para préstamo | Localización permanente | Ubicación/localización actual | Fecha de adquisición | Total de préstamos | Signatura topográfica completa | Código de barras | Fecha visto por última vez | Precio válido a partir de | Tipo de ítem Koha |
|---|---|---|---|---|---|---|---|---|---|---|---|---|
| El ejemplar forma parte de la colección y puede ser consultado según las políticas vigentes. | Biblioteca del Museo Franz Mayer (Rogerio Casas-Alatriste) | Biblioteca del Museo Franz Mayer (Rogerio Casas-Alatriste) | 08/02/2017 | BE57 .F49 1770 | CFM00052 | 22/03/2019 | 22/03/2019 | Libros |